The Decline Of The Muslim Ummah. (Record no. 342368)
[ view plain ]
| 000 -LEADER | |
|---|---|
| fixed length control field | 00673nam a22001937a 4500 |
| 003 - CONTROL NUMBER IDENTIFIER | |
| control field | NUST |
| 005 - DATE AND TIME OF LATEST TRANSACTION | |
| control field | 20171222120520.0 |
| 008 - FIXED-LENGTH DATA ELEMENTS--GENERAL INFORMATION | |
| fixed length control field | 150410b xxu||||| |||| 00| 0 eng d |
| 020 ## - INTERNATIONAL STANDARD BOOK NUMBER | |
| International Standard Book Number | 9698854002 |
| Terms of availability | 9698373 |
| 040 ## - CATALOGING SOURCE | |
| Transcribing agency | 0 |
| 082 ## - DEWEY DECIMAL CLASSIFICATION NUMBER | |
| Classification number | 297 HUS |
| 100 ## - MAIN ENTRY--PERSONAL NAME | |
| 9 (RLIN) | 2367 |
| Personal name | Hussain,Iqbal S. |
| 245 ## - TITLE STATEMENT | |
| Title | The Decline Of The Muslim Ummah. |
| Statement of responsibility, etc. | Iqbal S Hussain |
| 260 ## - PUBLICATION, DISTRIBUTION, ETC. | |
| Place of publication, distribution, etc. | Lahore,Londan |
| Name of publisher, distributor, etc. | Humanity International |
| Date of publication, distribution, etc. | c2004. |
| 300 ## - PHYSICAL DESCRIPTION | |
| Extent | 468p. : |
| 500 ## - GENERAL NOTE | |
| General note | H.B |
| 650 ## - SUBJECT ADDED ENTRY--TOPICAL TERM | |
| 9 (RLIN) | 2368 |
| Topical term or geographic name entry element | Islam |
| General subdivision | General |
| 942 ## - ADDED ENTRY ELEMENTS (KOHA) | |
| Source of classification or shelving scheme | |
| Koha item type | Book |
| Call number prefix | IESE |
| Withdrawn status | Lost status | Source of classification or shelving scheme | Damaged status | Not for loan | Collection code | Permanent Location | Current Location | Shelving location | Date acquired | Total Checkouts | Total Renewals | Full call number | Barcode | Date last seen | Date last checked out | Price effective from | Koha item type |
|---|---|---|---|---|---|---|---|---|---|---|---|---|---|---|---|---|---|
| Institute of Environmental Science and Engineering (IESE) | Institute of Environmental Science and Engineering (IESE) | General Stacks | 12/22/2017 | 2 | 3 | 297 HUS | IESE-2484 | 01/14/2022 | 10/27/2021 | 12/22/2017 | Book |
